00544nam a22000977a 4500008004100000010001200041245007600053260000900129500014900138500015900287110616t xxu||||| |||| 00| 0 eng d aCACAF46 aCourt of Appeal Criminal Appeal No. 47 OF 2000 Omari Chandia Vs Uganda  c2000 aCoram: Hon. Lady Justice L.E.M. Mukasa-Kikonyogo, DCJ Hon. Mr. Justice J.P. Berko, JA Hon. Lady Justice C.N.B. Kitumba, JA aAppeal from a conviction and sentence of the High Court of Uganda at Kampala Bossa J. dated 11th day of July 2000 in Criminal Session Case No. 232 of 2000